Metódy ekonomického hodnotenia ekologických investícií

Špecifická skupina investícií - investície do životného prostredia. Členenie účinkov investičnej akcie podľa rôznych hľadísk. Význam jednotlivých kvadrantov. Efekty opatrení na ochranu životného prostredia a ich členenie. Rozdelenie ukazovateľov efektívnosti. Metódy ekonomického hodnotenia ekologick...

ver descrição completa

Na minha lista:
Detalhes bibliográficos
Autor principal: Füzyová, Ľubica
Formato: Capítulo de Livro
Idioma:eslovaco
Assuntos:
Tags: Adicionar Tag
Sem tags, seja o primeiro a adicionar uma tag!

MARC

LEADER 00000naa a2200000 4500
001 r021736
005 20230809082154.1
041 0 |a slo 
044 |a SK 
245 1 0 |a Metódy ekonomického hodnotenia ekologických investícií  |c Ľubica Füzyová 
520 |a Špecifická skupina investícií - investície do životného prostredia. Členenie účinkov investičnej akcie podľa rôznych hľadísk. Význam jednotlivých kvadrantov. Efekty opatrení na ochranu životného prostredia a ich členenie. Rozdelenie ukazovateľov efektívnosti. Metódy ekonomického hodnotenia ekologických investícií. Metóda ročných nákladov. Metóda diskontovaných nákladov. 
610 2 0 |a investície ekologické 
610 2 0 |a investície 
610 2 0 |a prostredie životné 
610 2 0 |a efektívnosť ekonomická 
610 2 0 |a ukazovatele efektívnosti 
610 2 0 |a náklady 
100 1 |a Füzyová, Ľubica